Game Quiz - Statistics

General Stats
  • This quiz has been taken 5 times
  • The average score is 6 of 7
Answer Stats
Hint Answer % Correct
What is the biggest country on earth by area? Russia
100%
What is the smallest country on earth by area? Vatican City
100%
Which country has the least population? Vatican City
100%
In which country are the NATO headquarters located at? Belgium
75%
Which country has the largest population? India
75%
Which country won the 2021 Uefa Euro in football? Italy
50%
Which country uses the colour pink in their flag? Spain
50%
No matching quizzes found
Score Distribution
Percent of People with Each Score
Percentile by Number Answered
Your Score History
You have not taken this quiz